Normal view MARC view
  • Sparks, Donald L.,

Entry Personal Name

Number of records used in: 3

001 - CONTROL NUMBER

  • control field: 6525

003 - CONTROL NUMBER IDENTIFIER

  • control field: NUST

005 - DATE AND TIME OF LATEST TRANSACTION

  • control field: 20171120103900.0

008 - FIXED-LENGTH DATA ELEMENTS

  • fixed length control field: 171120|| aca||aabn | a|a d

040 ## - CATALOGING SOURCE

  • Original cataloging agency: NUST
  • Transcribing agency: NUST

100 ## - HEADING--PERSONAL NAME

  • Personal name: Sparks, Donald L.,
  • Titles and other words associated with a name: Ph. D.

670 ## - SOURCE DATA FOUND

  • Source citation: Work cat.: (NUST)0: Sparks, Donald L., Ph. D., Environmental soil chemistry /, c2003.
© 2023 Central Library, National University of Sciences and Technology. All Rights Reserved.